00545 2200193 4500001002100000005001500021008004100036020002200077035001900099041000700118082001400125090001600139100001500155245008800170260003700258300002500295500000600320650002500326INLIS00000000000615120241224113233241224||||||||| | ||| |||| || |  a978-602-9473-62-9 0010-1224006151 aid0 a371:03:00 a371.3 UBA m0 aAn Unbaedy00aMengajar Dengan Hati: Jurus-jurus Fundamental Menggali Kekuatan Spiritual Bagi Guru aJakartabBee Media Pustakac2014 ax , 186 hlm ,: 21 cm a1 0aMengajar Dengan Hati